Metroid Prime Chozo Artifacts - Statistics

General Stats
  • This quiz has been taken 42 times
  • The average score is 6 of 12
Answer Stats
Area Room Artifact Of... % Correct
Tallon Overworld Life Grove Chozo
74%
Phazon Mines Elite Research Warrior
63%
Magmoor Caverns Lava Lake Nature
56%
Phendrana Drifts Control Tower Elder
52%
Phendrana Drifts Chozo Ice Temple Sun
48%
Phazon Mines Phazon Mining Tunnel Newborn
44%
Magmoor Caverns Warrior Shrine Strength
44%
Phendrana Drifts Storage Cave Spirit
41%
Tallon Overworld Artifact Temple Truth
41%
Chozo Ruins Tower Chamber Lifegiver
37%
Chozo Ruins Sunchamber Wild
37%
Chozo Ruins Elder Chamber World
33%
No matching quizzes found
Score Distribution
Percent of People with Each Score
Percentile by Number Answered
Your Score History
You have not taken this quiz